000 00443nam a22001817a 4500
999 _c6399
_d6397
005 20210904102239.0
008 200521b xxu||||| |||| 00| 0 eng d
020 _a9789351431077
041 _aeng
082 _a340.0954 JAI
100 _aJain, M.P
_95729
245 _aOutline of Indian Legal and Constitutional History
250 _a7'th
260 _aHaryana
_bLexisnexis
_c2014
300 _a827p.
650 _aLAW
_95701
942 _cBK